000 00835nam a22002897a 4500
001 BR9403785
003 BR-BrBNA
005 20230928094230.0
007 ta
008 230509b bl.||||| |||| 00| 0 por d
040 _aBR-BrBNA
_bpor
_cBiblioteca Nacional de Agricultura
041 _a(Por)
072 _aP10; T01
090 _ P10 BR9403785
100 1 _aSalati, E.
110 1 _aFundacao Salim Farah Maluf, Sao Paulo, SP (Brasil)
_95025
245 1 _aAlguns aspectos da problematica da agricultura no nordeste brasileiro. Metodo fitopedologico de despoluicao de aguas
260 3 _aSao Paulo, SP (Brasil):
_c[nd].
300 _a25 p.
650 _aAgua
650 _aManejo
650 _aBalanco Hidrico
650 _aPoluicao
650 _aRegiao Nordeste
909 _a202309
_bLucia
_c55
_dLucia Elande
942 _cBK
999 _c49561
_d49561